|
|
|
|
| LEADER |
00619cam a2200181 7i4500 |
| 001 |
0000024176 |
| 005 |
20110222090000.0 |
| 090 |
0 |
0 |
|a P 684.1
|b CEN
|
| 110 |
2 |
0 |
|a Centre for Industrial Studies (CSIL)
|
| 245 |
2 |
4 |
|a The Furniture Industry in China including Hong Kong :
|b November 2009.
|
| 260 |
0 |
0 |
|a Milan:
|b Centre for Industrial studies (CSIL),
|c 2009.
|
| 300 |
# |
# |
|a 147 p.
|
| 440 |
0 |
0 |
|a CSIL : November 2009
|
| 650 |
0 |
0 |
|a Furniture industry and trade --
|z Hong Kong
|
| 650 |
0 |
0 |
|a Furniture industry and trade --
|z China
|
| 651 |
0 |
0 |
|a Hong Kong
|
| 651 |
0 |
0 |
|a China
|
| 999 |
|
|
|a B000026130
|b Book
|c Products
|e Business Information Centre
|